BIBLIOTECA

SENCICO

Manual de los contratos administrativos : Doctrina - Legislación - Modelos (Registro nro. 3400)

Detalles MARC
000 -LEADER
fixed length control field 00443nam a2200169Ia 4500
005 - DATE AND TIME OF LATEST TRANSACTION
control field 20251020182613.0
008 - FIXED-LENGTH DATA ELEMENTS--GENERAL INFORMATION
fixed length control field 200515s9999 xx 000 0 und d
082 ## - DEWEY DECIMAL CLASSIFICATION NUMBER
Classification number SC/69.032.711/P66
100 ## - MAIN ENTRY--PERSONAL NAME
Personal name PLASENCIA DIAZ, Pedro
245 #0 - TITLE STATEMENT
Title Manual de los contratos administrativos : Doctrina - Legislación - Modelos
260 ## - PUBLICATION, DISTRIBUTION, ETC.
Place of publication, distribution, etc. Lima
260 ## - PUBLICATION, DISTRIBUTION, ETC.
Date of publication, distribution, etc. 1992
300 ## - PHYSICAL DESCRIPTION
Extent 170
650 ## - SUBJECT ADDED ENTRY--TOPICAL TERM
Topical term or geographic name entry element CONTRATOS
650 ## - SUBJECT ADDED ENTRY--TOPICAL TERM
Topical term or geographic name entry element LEGISLACION LABORAL
942 ## - ADDED ENTRY ELEMENTS (KOHA)
Koha item type Libros
Existencias
Fecha de la última vez que lo usaron Pago total Signatura topográfica completa Código de barras Precio efectivo desde Tipo de documento Estado perdido Estado dañado No es para préstamo Retirado Ubicación permanente Ubicación actual Fecha de adquisición
15/05/2020   SC/69.032.711/P66 Bib-Lima15053400 15/05/2020 Libros         Biblioteca Central Lima Biblioteca Central Lima 15/05/2020